00482 2200181 4500001002100000005001500021008004100036020002200077035001900099041000600118082001000124090001600134100001900150245004100169260005400210300002600264650001000290INLIS00000000000303020241224112639241224||||||||| | ||| |||| ||  a978-979-91-0346-8 0010-1224003030 a00 a741.5 a741.5 BEN s0 aBenny Rachmadi00a100 Peristiwa Yang Bisa Menimpa Anda aJakartabKPG (Kepustakaan Populer Gramedia)c2011 aiv, 132 hlm.; 24,5 cm 0aKomik